Boletín de las leyes, y de las órdenes y decretos del gobierno
Sparad:
| Materialtyp: | Bok |
|---|---|
| Språk: | spanska |
| Publicerad: |
Valparaíso
Mercurio
1846
|
| Ämnen: | |
| Taggar: |
Lägg till en tagg
Inga taggar, Lägg till första taggen!
|
MARC
| LEADER | 00000nam a2200000 a 4500 | ||
|---|---|---|---|
| 001 | UCP9290 | ||
| 003 | CL-VaPUC | ||
| 008 | 000324e18460000CL |||||||||||||||||spa|d | ||
| 082 | 0 | 4 | |a 348.022 |b BOL |2 21 |
| 245 | 1 | 0 | |a Boletín de las leyes, y de las órdenes y decretos del gobierno |
| 300 | |a v | ||
| 942 | |c BK | ||
| 945 | |d 20000324 00:00:00 |a lriquelm | ||
| 260 | |a Valparaíso |b Mercurio |c 1846 | ||
| 500 | |a Comprende los libros 5, 6 Y 7 | ||
| 650 | 7 | |a DERECHO CHILENO SIGLO 19 |2 CL-VaPUC |9 439771 | |
| 650 | 0 | |a Fuentes del derecho |9 255162 | |
| 583 | |a last modification |c 20160829 12:28:47 |k Rodrigo Vera | ||
| 999 | |c 286118 |d 286116 | ||
| 952 | |0 0 |1 0 |4 0 |6 348_022000000000000_BOL_1846 |7 0 |8 X |9 331537 |a BIBHIS |b BIBHIS |d 2019-11-20 |h v.2 |i 2841142 |o 348.022 BOL 1846 |p 2841142 |r 2024-01-30 |w 2019-11-20 |y BK_X |k HIS | ||